00875cam a2200229 a 4500020001500000040000800015082002600023100001900049245006400068250001200132260005600144300003200200650003600232650002700268650002700295700002900322856006200351856005400413942001000467999001700477952015100494 a1559341734 cDLC00a613 MAN 1993 C171 Or.1 aRailey, Jim H.10aManaging physical education, fitness, and sports programs / a2nd ed. aMountain View, Calif. :bMayfield Pub. Co.,cc1993. ax, 340 p. :bill. ;c25 cm. 0aPhysical education and training 0aRecreation leadership. 0aSports administration.1 aTschauner, Peggy Railey.42uhttp://www.loc.gov/catdir/description/mh024/92012796.html41uhttp://www.loc.gov/catdir/toc/mh023/92012796.html cAEDBB c22225d22225 0010406613_000000000000000_MAN_1993_C171_OR70996537aLBCbLBCcC171d2023-11-21o613 MAN 1993 C171 Or.pa074960r2023-11-21w2023-11-21yAEDBB